KSČ a revolučné hnutie na Slovensku, 1929-1938.

Bibliographic Details
Main Author: Plevza, Viliam
Format: Book
Language:Slovak
Published: Bratislava : Vydavatel'stvo Slovenskej akadémie vied, 1965.
Edition:[1. vyd.].
Subjects:

MARC

Tag First Indicator Second Indicator Subfields
LEADER 00000cam a2200000 4500
001 in00001472017
005 20151021051835.0
008 760430s1965 cs b 001 0 slo
010 |a  66041854  
035 |a (OCoLC)02148485 
035 |9 AJE1833AM 
040 |a DLC  |c UPM  |d TXA  |d UtOrBLW 
049 |a TXAM 
050 0 0 |a HX260.S55  |b P5 
100 1 |a Plevza, Viliam. 
245 1 0 |a KSČ a revolučné hnutie na Slovensku, 1929-1938. 
250 |a [1. vyd.]. 
264 1 |a Bratislava :  |b Vydavatel'stvo Slovenskej akadémie vied,  |c 1965. 
300 |a 512 pages ;  |c 25 cm. 
336 |a text  |b txt  |2 rdacontent 
337 |a unmediated  |b n  |2 rdamedia 
338 |a volume  |b nc  |2 rdacarrier 
504 |a Bibliography: pages 495-500. 
500 |a Kčs 27.50 
536 |a From the Estate of George and Mathilda Corcoran by Dr. Joseph R. Corcoran & Irene Sabo Corcoran and Family. September 1998. 
650 0 |a Communism  |z Slovakia  |x History. 
610 2 0 |a Komunistická strana Československa  |x History. 
948 |a c:mc 
999 |a MARS 
999 f f |s 1d33a5a5-e057-3126-b3b9-41d6c70d3749  |i 13c9844b-2696-3772-85e1-165c277a2ee4  |t 0 
952 f f |p normal  |a Texas A&M University  |b College Station  |c Sterling C. Evans Library  |d Evans: Library Stacks  |t 0  |e HX260.S55 P5  |h Library of Congress classification  |i unmediated -- volume  |m A14823905569 
998 f f |a HX260.S55 P5  |t 0  |l Evans: Library Stacks